000 01068nam a2200253Ia 4500
003 OSt
005 20220923224306.0
006 a|||||r|||| 00| 0
007 ta
008 220922b |||||||| |||| 00| 0 hin d
024 _a230,578
037 _cTextual
040 _aARTS
_cARTS
_bhin
041 _2hin
_ahin
082 _aO11196,3:g, 152N4
100 _aवर्मा, आनंदस्वरूप, संपा.
245 0 _aन्गुगी वा थ्योंगो* भारत, संस्कृति और राष्ट्रीय अस्मिता
246 _aNgugī vā thyoango: bhārata, sanskṛuti aur rāṣhṭrīya asmitā
260 _aनई दिल्ली
_b राजकमल प्रकाशन प्राइवेट लिमिटेड
_c1994
300 _a166पृ.
_ccm.
650 _aअंग्रेजी साहित्य
_9156276
942 _hO11196,3:g, 152N4
_cTEXL
_2CC
999 _c370422
_d370422